Noel [DVD/videorecording] / [a Screen Media Films ... Read More
Available copies
- 1 of 1 copy available at LARL/NWRL Consortium.
Current holds
0 current holds with 1 total copy.
Show All Copies
| Location | Call Number / Copy Notes | Barcode | Shelving Location | Status | Due Date |
|---|---|---|---|---|---|
| Warroad Public Library | DVD NOE (Text) | 35500003708623 | Main | Available | - |
Record details
- ISBN: 1417065575
- Physical Description: 1 videodisc (96 min.) : anamorphic, sd., col. ; 4 ... Read More
- Publisher: Universal City, CA : Screen Media Films : 2005
Content descriptions
| General Note: | Originally released as a motion picture in 2004. Special features: Feature commentary; cast interviews; behind the scenes; cast filmographies. |
| Creation/Production Credits Note: | Director of photography, Russell Carpenter ; ... Read More |
| Participant or Performer Note: | Penelope Cruz, Susan Sarandon, Paul Walker, Alan ... Read More |
| Summary, etc.: | Five strangers lives intertwine on Christmas Eve ... Read More |
| Target Audience Note: | MPAA rating: PG; for sensuality, thematic material ... Read More |
| System Details Note: | DVD, region 1, widescreen (1.78:1) presentation; ... Read More |
| Language Note: | Closed-captioned. |
Search for related items by subject
| Subject: | Strangers > New York (State) > New York > Drama. Christmas > New York (State) > New York > Drama. Love > New York (State) > New York > Drama. |
| Genre: | DVDs. Feature films. Christmas films. Video recordings for the hearing impaired. |
| LDR | 02872cgm a2200505Ia 4500 | ||
|---|---|---|---|
| 001 | 65117 | ||
| 003 | LARL_NWRL_CONSORTIUM | ||
| 005 | 20060106141014.0 | ||
| 007 | vd cvaizq | ||
| 008 | 050823s2005 nyu096 g vleng d | ||
| 020 | . | ‡a1417065575 | |
| 024 | 1 | . | ‡a025192878220 |
| 028 | 4 | 2. | ‡a28782 ‡bScreen Media Films |
| 035 | . | ‡a(OCoLC)61325872 | |
| 037 | . | ‡bMidwest Tapes ‡nhttp://www.midwesttapes.com | |
| 040 | . | ‡aTEFMT ‡cTEFMT ‡dGL9 ‡dRCS ‡dNRG | |
| 082 | 0 | 4. | ‡a791.43/72 ‡222 |
| 245 | 0 | 0. | ‡aNoel ‡h[DVD/videorecording] / ‡c[a Screen Media Films release] The Convex Group presents a Neverland Films/Zvi Howard Rosenman production, a film by Chazz Palminteri ; produced by Zvi Howard Rosenman, Al Corley, Bart Rosenblatt, Eugene Musso ; written by David Hubbard ; directed by Chazz Palminteri. |
| 260 | . | ‡aUniversal City, CA : ‡bScreen Media Films : ‡bDistributed by Universal Studios Home Entertainment, ‡c2005 | |
| 300 | . | ‡a1 videodisc (96 min.) : ‡banamorphic, sd., col. ; ‡c4 3/4 in. | |
| 538 | . | ‡aDVD, region 1, widescreen (1.78:1) presentation; Dolby 5.1 surround, single sided, single layer. | |
| 546 | . | ‡aClosed-captioned. | |
| 511 | 1 | . | ‡aPenelope Cruz, Susan Sarandon, Paul Walker, Alan Arkin, Marcus Thomas. |
| 508 | . | ‡aDirector of photography, Russell Carpenter ; editor, Susan E. Morse ; music, Alan Menken ; costume designer, Renée April ; production designer, Carol Spier. | |
| 500 | . | ‡aOriginally released as a motion picture in 2004. | |
| 521 | 8 | . | ‡aMPAA rating: PG; for sensuality, thematic material and some langauge. |
| 520 | . | ‡aFive strangers lives intertwine on Christmas Eve to tell a story of companionship, love, and healing which unfolds against the backdrop of New York City. A delightful tale of redemption, faith, and the joy of living; proving miracles are closer than you think. | |
| 500 | . | ‡aSpecial features: Feature commentary; cast interviews; behind the scenes; cast filmographies. | |
| 650 | 0. | ‡aStrangers ‡zNew York (State) ‡zNew York ‡vDrama. | |
| 650 | 0. | ‡aChristmas ‡zNew York (State) ‡zNew York ‡vDrama. | |
| 650 | 0. | ‡aLove ‡zNew York (State) ‡zNew York ‡vDrama. | |
| 655 | 0. | ‡aDVDs. | |
| 655 | 0. | ‡aFeature films. ‡0(LARL_NWRL_CONSORTIUM)175625 | |
| 655 | 0. | ‡aChristmas films. ‡0(LARL_NWRL_CONSORTIUM)175648 | |
| 655 | 0. | ‡aVideo recordings for the hearing impaired. ‡0(LARL_NWRL_CONSORTIUM)175744 | |
| 700 | 1 | . | ‡aPalminteri, Chazz. ‡0(LARL_NWRL_CONSORTIUM)109065 |
| 700 | 1 | . | ‡aCruz, Penélope. ‡0(LARL_NWRL_CONSORTIUM)151754 |
| 700 | 1 | . | ‡aSarandon, Susan, ‡d1946- ‡0(LARL_NWRL_CONSORTIUM)84107 |
| 700 | 1 | . | ‡aWalker, Paul, ‡d1973- ‡0(LARL_NWRL_CONSORTIUM)145930 |
| 710 | 2 | . | ‡aScreen Media Films (Firm) ‡0(LARL_NWRL_CONSORTIUM)208781 |
| 710 | 2 | . | ‡aUniversal Studios Home Entertainment (Firm) ‡0(LARL_NWRL_CONSORTIUM)210736 |
| 901 | . | ‡a65117 ‡bOCLC ‡c65117 ‡tbiblio | |

Add to basket
Permalink
Disable Highlighting